000 00866nam a2200277 a 4500
001 41971
003 BD-RjUL
005 20211209053457.0
008 861125s1987 cou b 00000 eng
020 _a0813372895
035 _a(BD-RjUL)42089
035 _a2419617
040 _aANL
_beng
_dANL
_dBD-RjUL
_cBD-RjUL
041 _aeng
082 0 _a327.09048
_223
_bGLO 1987
245 0 0 _aGlobal peace and security :
_btrends and challenges /
_cedited by Wolfram F. Hanrieder.
260 _aBoulder :
_bWestview Press,
_c1987.
300 _ax, 223 p. ;
_c24 cm.
504 _aIncludes bibliographical references.
650 0 _aPeace.
_9124213
650 0 _aSecurity, International.
_9129003
650 0 _aInternational organization.
_9119090
650 0 _aInternational economic relations.
_9128839
700 1 _aHanrieder, Wolfram F.
_9129004
942 _2ddc
_cBK
999 _c41971
_d41971